Applied Electrostatic Precipitation /

Many industrial, power generation and chemical processes produce unwanted fine particulate material as a consequence of their operation. Electrostatic precipitation is a highly efficient method of removing entrained particulate contaminants from exhaust gases and is extensively used in these industr...

Full description

Bibliographic Details
Main Author: Parker, K. R.
Corporate Author: SpringerLink (Online service)
Format: eBook
Language:English
Published: Dordrecht : Springer Netherlands, 1996.
Subjects:
Online Access:Connect to the full text of this electronic book

MARC

Tag First Indicator Second Indicator Subfields
LEADER 00000cam a2200000Ma 4500
001 in00003545477
006 m o d
007 cr nn|||||||||
008 121227s1996 ne o 000 0 eng d
005 20260423140953.6
020 |a 9789400915534 (electronic bk.) 
020 |a 9400915535 (electronic bk.) 
035 |a (OCoLC)840304606 
040 |a I9W  |b eng  |e pn  |c I9W  |d OCLCQ  |d UV0  |d OCLCO  |d GW5XE  |d OCLCF  |d UtOrBLW 
049 |a TXAM 
050 4 |a TP248.13-248.65 
082 0 4 |a 660.6  |2 23 
100 1 |a Parker, K. R. 
245 1 0 |a Applied Electrostatic Precipitation /  |c edited by K.R. Parker. 
264 1 |a Dordrecht :  |b Springer Netherlands,  |c 1996. 
300 |a 1 online resource (544 pages) 
336 |a text  |b txt  |2 rdacontent 
337 |a computer  |b c  |2 rdamedia 
338 |a online resource  |b cr  |2 rdacarrier 
520 |a Many industrial, power generation and chemical processes produce unwanted fine particulate material as a consequence of their operation. Electrostatic precipitation is a highly efficient method of removing entrained particulate contaminants from exhaust gases and is extensively used in these industries to limit particulate emissions. New legislation aimed at improving the environment by further limiting these discharges has resulted in the technique undergoing considerable development over the past decade, to the point where it has become the method of choice, over a wide range of applications, for limiting particulate discharges.<br/> In this new book, the editor has brought together an international team of contributors, mainly industrialists and consultants, to produce an authorative and practical guide to electrostatic precipitation.<br/> This book is of interest to all those in process industries or power generation and to academics concerned with gas cleaning and environmental issues. 
500 |a Electronic resource. 
650 0 |a Chemistry. 
650 0 |a Biotechnology. 
650 0 |a Surfaces (Physics) 
650 7 |a Biotechnology.  |2 fast  |0 (OCoLC)fst00832729 
650 7 |a Chemistry.  |2 fast  |0 (OCoLC)fst00853344 
650 7 |a Surfaces (Physics)  |2 fast  |0 (OCoLC)fst01139265 
655 7 |a Electronic books.  |2 local 
710 2 |a SpringerLink (Online service) 
856 4 0 |u http://proxy.library.tamu.edu/login?url=https://link.springer.com/10.1007/978-94-009-1553-4  |z Connect to the full text of this electronic book  |t 0 
994 |a 92  |b TXA 
999 |a MARS 
999 f f |s 28788502-ce77-3acd-a0a6-e5e0387ec623  |i f60ae862-c3cb-3727-a564-c7e86959ba8d  |t 0 
952 f f |a Texas A&M University  |b College Station  |c Electronic Resources  |s www_evans  |d Available Online  |t 0  |e TP248.13-248.65  |h Library of Congress classification 
998 f f |a TP248.13-248.65  |t 0  |l Available Online